000
00286nam a2200121Ia 4500
005
20251222153644.0
008
251222s9999||||xx |||||||||||||| ||spa||
082
_a
985.073/D54
100
_a
"Delgado Olivera, Carlos"
245
0
_a
Testimonio de lucha
250
_a
2a.ed.
942
_c
LIB
999
_c
32860
_d
32860